Improving quality and consistency of dissertations (Record no. 106440)

MARC details
000 -LEADER
fixed length control field 00919cam a2200241 4500
001 - CONTROL NUMBER
control field L136577
008 - FIXED-LENGTH DATA ELEMENTS--GENERAL INFORMATION
fixed length control field 070208n2005 000 0 eng u
035 ## - SYSTEM CONTROL NUMBER
System control number (Sirsi) u136577
041 0# - LANGUAGE CODE
Language code of text/sound track or separate title eng
100 1# - MAIN ENTRY--PERSONAL NAME
Personal name Pathirage, C.P.
245 00 - TITLE STATEMENT
Title Improving quality and consistency of dissertations
Medium [electronic resource]
260 ## - PUBLICATION, DISTRIBUTION, ETC.
Place of publication, distribution, etc. London
Name of publisher, distributor, etc. RICS
Date of publication, distribution, etc. 2005
490 #4 - SERIES STATEMENT
Series statement COBRA
Volume/sequential designation 2005
520 ## - SUMMARY, ETC.
Summary, etc. Discusses mechanisms used in assessing undergraduate dissertations, identifying good practices so as to improve the quality and consistency of assessment.
651 #4 - SUBJECT ADDED ENTRY--GEOGRAPHIC NAME
Geographic name International
690 ## - LOCAL SUBJECT ADDED ENTRY--TOPICAL TERM (OCLC, RLIN)
Topical term or geographic name as entry element CAREERS, EDUCATION AND TRAINING
700 1# - ADDED ENTRY--PERSONAL NAME
Personal name Haigh, R.
700 1# - ADDED ENTRY--PERSONAL NAME
Personal name Amaratunga, R.D.G.
700 1# - ADDED ENTRY--PERSONAL NAME
Personal name Baldry, D.
700 1# - ADDED ENTRY--PERSONAL NAME
Personal name Green, C.
856 40 - ELECTRONIC LOCATION AND ACCESS
Uniform Resource Identifier <a href="https://www.rics.org/Careerseducationandtraining/Improving_quality_of_dissertation_assessment20051128.htm">https://www.rics.org/Careerseducationandtraining/Improving_quality_of_dissertation_assessment20051128.htm</a>
Public note View the item free of charge at www.rics.org...
942 ## - ADDED ENTRY ELEMENTS (KOHA)
Suppress in OPAC 0
Holdings
Withdrawn status Lost status Source of classification or shelving scheme Damaged status Not for loan Home library Current library Shelving location Date acquired Total Checkouts Full call number Barcode Date last seen Copy number Price effective from Koha item type
    Dewey Decimal Classification     Virtual Virtual Online 08/02/2007   ONLINE PUBLICATION 136577-1001 06/08/2019 1 06/08/2019 Book